| 000 | 00378nam a2200157Ia 4500 | ||
|---|---|---|---|
| 008 | 230524s9999 xx 000 0 und d | ||
| 082 |
_a5.13 _bJEF |
||
| 100 | _aJeffrey O Ullman | ||
| 245 | 0 | _aPrinciples of Database System | |
| 250 | _a2ND | ||
| 260 |
_aNEW DELHI _bGalgotia _c2004 |
||
| 300 | _aVI;484 | ||
| 500 | _aQuantity Number: 48 | ||
| 650 | _aComp-Sc | ||
| 942 | _cBK | ||
| 999 |
_c20718 _d20718 |
||